|
|
|
|
| LEADER |
00000naa a2200000 i 4500 |
| 001 |
publ209 |
| 005 |
20141220114526.0 |
| 008 |
141220s2014 hu o 000 zxx d |
| 020 |
|
|
|a 978-963-7159-92-3
|
| 040 |
|
|
|a BGE Publikációtár Repozitórium
|b hun
|
| 100 |
1 |
|
|a Falkné Bánó Klára
|
| 245 |
1 |
0 |
|a Identifying Hungarian cultural characteristics in Europe’s cultural diversity in the 21st century
|b a controversial issue
|c Falkné Bánó Klára
|h [elektronikus dokumentum]
|
| 260 |
|
|
|a Budapesti Gazdasági Főiskola
|c 2014
|
| 300 |
|
|
|a 17-28
|
| 490 |
0 |
|
|a Alkalmazott tudományok I. fóruma: Konferenciakötet
|
| 650 |
|
4 |
|a társadalomtudományok
|
| 695 |
|
|
|a magyarok
|
| 695 |
|
|
|a Kultúraközi kommunikáció
|
| 856 |
4 |
0 |
|u https://publikaciotar.uni-bge.hu/id/eprint/209/1/12%20Falkn%C3%A9.pdf
|z Dokumentum-elérés
|